|
|
|
|
| LEADER |
00000nam0a2200000 4500 |
| 001 |
248477 |
| 005 |
20231101232406.0 |
| 035 |
|
|
|a (RuTPU)RU\TPU\book\270281
|
| 090 |
|
|
|a 248477
|
| 100 |
|
|
|a 20140123d2013 k y0rusy50 ca
|
| 101 |
0 |
|
|a rus
|
| 102 |
|
|
|a RU
|
| 105 |
|
|
|a y dm 001zy
|
| 200 |
1 |
|
|a Социально-философские основы правового образовательного пространства в современной России
|e автореферат диссертации на соискание ученой степени кандидата философских наук
|e спец.09.00.11
|f А. В. Пугачев
|g Новосибирский государственный педагогический университет (НГПУ), Научно-исследовательский институт философии образования, Кафедра философии ; науч. рук. Н. В. Наливайко
|
| 210 |
|
|
|a Новосибирск
|d 2013
|
| 215 |
|
|
|a 31 с.
|
| 300 |
|
|
|a Защита состоится 23 декабря 2013 г.
|
| 320 |
|
|
|a Библиогр.: с. 30-31(7 назв.)
|
| 606 |
1 |
|
|a Государство и право
|x Теория
|2 stltpush
|3 (RuTPU)RU\TPU\subj\8388
|9 35806
|
| 606 |
1 |
|
|a Образование
|x Философские проблемы
|2 stltpush
|3 (RuTPU)RU\TPU\subj\38030
|9 58750
|
| 610 |
1 |
|
|a правовое поле
|
| 610 |
1 |
|
|a правовое сообщество
|
| 610 |
1 |
|
|a образовательное пространство
|
| 610 |
1 |
|
|a социально-философский подход
|
| 610 |
1 |
|
|a Россия
|
| 610 |
1 |
|
|a авторефераты диссертаций
|
| 686 |
|
|
|a Х0
|v LBC/SL-A
|2 rubbk
|
| 686 |
|
|
|a 09.00.11
|2 oksvnk
|
| 686 |
|
|
|a Ч30/49
|v LBC/SL-A
|2 rubbk
|
| 700 |
|
1 |
|a Пугачев
|b А. В.
|g Александр Викторович
|
| 702 |
|
1 |
|a Наливайко
|b Н. В.
|g Нина Васильевна
|4 727
|
| 712 |
0 |
2 |
|a Новосибирский государственный педагогический университет (НГПУ)
|b Научно-исследовательский институт философии образования
|b Кафедра философии
|2 stltpush
|3 (RuTPU)RU\TPU\col\19234
|
| 801 |
|
1 |
|a RU
|b 63413507
|c 20140123
|
| 801 |
|
2 |
|a RU
|b 63413507
|c 20140128
|g RCR
|
| 942 |
|
|
|c BK
|